|
|
|
|
| LEADER |
02236nkm a2200445 a 4500 |
| 001 |
mzk03001181202 |
| 003 |
CZ BrMZK |
| 005 |
20130527140804.0 |
| 007 |
kj|bo| |
| 008 |
120622s1707 fr ||| f || k|fre|d |
| 040 |
|
|
|a BOA001
|b cze
|
| 072 |
|
7 |
|a 2-23/-27
|x Bible. Biblistika
|2 Konspekt
|9 5
|
| 072 |
|
7 |
|a 76
|x Grafické umění. Grafika
|2 Konspekt
|9 21
|
| 080 |
|
|
|a 762.11
|2 MRF
|
| 080 |
|
|
|a 2-236.5
|2 MRF
|
| 080 |
|
|
|a (0.026.6)76
|2 MRF
|
| 100 |
1 |
|
|a Dieu, Antoine,
|d 1662-1727
|7 jo2010603149
|4 aut
|
| 245 |
1 |
2 |
|a A Monseigneur Messire Marc René de Voyer de Paulmy, Chevalier Marquis d'Argenson, Conseiller du Roy en ses Conseils, Maître der Requestes ordinaire de son Hôtel, Lieutenant général de Police de la Ville, Prevôté et Vicomté de Paris, Protecteur de l'Académie de St. Luc
|h [grafika] /
|c A. Dieu inv. et pinxit ; N. Tardieu scul. ; Dédié par son trés humble et trés obeissant serviteur Dieu Directeur et Professeur de la dite Académie en 1707. Se vend a Paris chez la Ve. de François Chereau graveur du Roy rue St. Jacques aux deux pilliers d'Or
|
| 260 |
|
|
|a a Paris :
|b chez la Ve. de François Chereau graveur du Roy rue St. Jacques aux deux pilliers d'Or,
|c [1707]
|
| 300 |
|
|
|a 1 list :
|b mědirytina ;
|c 31,4 x 21,9 cm na listu 35,9 x 31,7 cm
|
| 500 |
|
|
|a Mědirytinu rámuje nahoře zaoblený obrazový rám
|
| 500 |
|
|
|a Velikost tiskového zrcadla 34,7 x 22,5 cm
|
| 561 |
|
|
|a Provenience: [m.p.] R396 ; C26902
|
| 561 |
|
|
|a Provenience: [razítko] SDR
|
| 590 |
|
|
|a Na papíře skvrny od vody
|
| 600 |
0 |
7 |
|a Ježíš Kristus
|7 ola2002103454
|2 czenas
|
| 650 |
|
7 |
|a mědirytiny
|7 ph123092
|2 czenas
|
| 650 |
|
7 |
|a biblické postavy
|7 ph118857
|2 czenas
|
| 655 |
|
7 |
|a grafické listy
|7 fd132404
|2 czenas
|
| 700 |
1 |
|
|a Tardieu, Nicolas Henri,
|d 1674-1749
|7 mzk2008469178
|4 pbl
|
| 700 |
1 |
|
|a Chéreau, François,
|d 1680-1729
|7 mzk2012705714
|4 pbl
|
| 700 |
1 |
|
|a Chéreau, François,
|d 1717-1755
|4 pbl
|
| 856 |
4 |
1 |
|u https://imageserver.mzk.cz/mzk03/001/181/202/3281G028628
|y Digitalizovaný dokument
|
| 903 |
|
|
|a RP
|
| 910 |
|
|
|e BOE950
|c R - GR - 0000.137,5
|
| 985 |
|
|
|a 1701-1750
|
| 990 |
|
|
|a GP
|
| 996 |
|
|
|e BOE950
|c R - GR - 0000.137,5
|
| 980 |
|
|
|c 280628
|g R-GR-0000.137,5
|1 3281G028628
|
| 991 |
|
|
|k rajhrad
|